[Event "Bratislava Slovan op"]
[Site "Bratislava"]
[Date "2013.04.28"]
[Round "2"]
[White "Havrila, Martin"]
[Black "Zdrazil, Bohumir"]
[Result "0-1"]
[WhiteElo "1776"]
[BlackElo "1896"]
[PlyCount "43"]
[EventDate "2013.04.27"]
[EventType "swiss"]
[EventRounds "9"]
[EventCountry "SVK"]
[SourceTitle "EXT 2023"]
[Source "ChessBase"]
[SourceDate "2022.10.05"]
[SourceVersion "1"]
[SourceVersionDate "2022.10.05"]
[SourceQuality "1"]

1. e4 e6 2. d4 d5 3. exd5 exd5 4. Qf3 Nf6 5. h3 Nc6 6. c3 Bd6 7. Bd3 Qe7+ 8. Ne2 Ne4 9. 0-0 0-0 10. Nf4 Be6 11. Nd2 f5 12. Qe3 Bf7 13. Nxe4 dxe4 14. Bb5 Nd8 15. b3 Bxf4 16. Qxf4 Be8 17. Qe3 Bxb5 18. c4 Bc6 19. a4 Qf7 20. c5 Ne6 21. Ba3 Rfe8 22. f3 0-1

[Event "Bratislava Slovan op"]
[Site "Bratislava"]
[Date "2012.04.28"]
[Round "1"]
[White "Havrila, Martin"]
[Black "Janos, Jozef"]
[Result "0-1"]
[WhiteElo "1784"]
[BlackElo "2145"]
[PlyCount "50"]
[EventDate "2012.04.28"]
[EventType "swiss"]
[EventRounds "9"]
[EventCountry "SVK"]
[SourceTitle "EXT 2023"]
[Source "ChessBase"]
[SourceDate "2022.10.05"]
[SourceVersion "1"]
[SourceVersionDate "2022.10.05"]
[SourceQuality "1"]

1. e4 c5 2. Nf3 e6 3. b3 Nf6 4. Nc3 Nc6 5. Bb2 a6 6. g3 Be7 7. Bg2 Qc7 8. 0-0 0-0 9. Re1 d6 10. d4 cxd4 11. Nxd4 Bd7 12. Nce2 Rad8 13. c4 Rfe8 14. a3 e5 15. Nc2 b5 16. cxb5 axb5 17. Ne3 Qb7 18. Rc1 Bf8 19. Nc3 Ne7 20. Re2 b4 21. Ncd5 Nfxd5 22. Nxd5 Nxd5 23. Qxd5 Qa6 24. Bf1 bxa3 25. Ra1 axb2 0-1